Rozpoznaj film po kadrze #6 - Statystyki

Ogólne statystyki
  • Ten quiz został rozwiązany 64 razy
  • Średni wynik to 5 z 20
Statystyki odpowiedzi
Obrazkowy Odpowiedź % Poprawnych
Forrest Gump
97%
Matrix
76%
Chłopi
67%
Green Book
53%
Strażnicy Galaktyki
48%
Poszukiwany, poszukiwana
41%
Uprowadzona
36%
Co w duszy gra
22%
Spirited Away: W krainie Bogów
22%
Tylko nie mów nikomu
14%
Lepiej być nie może
12%
Uśpieni
12%
Człowiek ringu
9%
Pewnego razu na Dzikim Zachodzie
9%
Dogville
7%
Contratiempo. Niewidzialny gość
5%
Ghost in the Shell
5%
Świadek oskarżenia
3%
Tajemnice Los Angeles
3%
Baraka
2%
Nie znaleziono quizów pasujących do podanych kryteriów
Rozkład punktacji
Procent ludzi z każdym wynikiem
Percentyl według liczby udzielonych odpowiedzi
Twoja historia wyników
Nie rozwiązałeś tego quizu